| 000 | 01216 a2200229 4500 | ||
|---|---|---|---|
| 003 | Nust | ||
| 005 | 20221024142059.0 | ||
| 010 | _a 98051794 | ||
| 020 | _a0071346341 (hc.) | ||
| 040 | _cNust | ||
| 082 | 0 | 0 | _a621.21,LIM |
| 100 |
_aHMT Limited _977295 |
||
| 245 | 0 | 0 |
_aMechatronics and machine tools / _cHMT Limited. |
| 260 |
_aNew York : _bMcGraw Hill, _cc1999. |
||
| 300 |
_axviii, 461 p. : _bill. ; _c24 cm. |
||
| 505 | _aIntroduction (Page-1), Introduction to Modern CNC Machines and Manufacturing systems (Page-6), Electronics for Mechanical Engineers (Page-29), Mechanical Systems for Electronics Engineers (Page-79), Design of Modern CNC Machines and mechtronic Elements (Page-135) Assembly Techniques (Page-184), Drives and Electricals(Page-240), CNC Systems (Page-308), Programming and Operation of CNC Machines (Page-338), Testing Of Machine Tools (Page-378), Industrial Design Aesthetics and Ergonomics (Page-434), Introduction to Computer and CAD/ CAM (Page-448). | ||
| 650 | 0 | _aMachine-tools. | |
| 650 | 0 | _aMechatronics. | |
| 710 | 2 |
_aHindustan Machine Tools Limited. _9101276 |
|
| 856 | 4 | 2 |
_3Publisher description _uhttp://www.loc.gov/catdir/description/mh023/98051794.html |
| 942 |
_2ddc _cBK |
||
| 999 |
_c178786 _d178786 |
||